|
|
|
|
| LEADER |
02030nam a2200349 i 4500 |
| 003 |
GR-PaULI |
| 005 |
20210117211126.0 |
| 008 |
920529m20002001gw a 000 0 ger d |
| 952 |
|
|
|0 0
|1 0
|2 ddc
|3 τ. 1
|4 0
|6 WOLF_190_090000000000000_32_WOL
|7 0
|9 242363
|a PHIL
|b PHIL
|d 2020-08-05
|i 6591
|l 0
|o WOLF 190.090 32 WOL
|p 025000136443
|r 2020-08-05 00:00:00
|t 1
|v 2020.00
|w 2020-08-05
|y BK15
|
| 952 |
|
|
|0 0
|1 0
|2 ddc
|3 τ. 2
|4 0
|6 WOLF_190_090000000000000_32_WOL
|7 0
|9 242364
|a PHIL
|b PHIL
|d 2020-08-05
|i 6704
|l 0
|o WOLF 190.090 32 WOL
|p 025000136454
|r 2020-08-05 00:00:00
|t 1
|v 2020.00
|w 2020-08-05
|y BK15
|
| 952 |
|
|
|0 0
|1 0
|2 ddc
|3 τ. 3
|4 0
|6 WOLF_190_090000000000000_32_WOL
|7 0
|9 242365
|a PHIL
|b PHIL
|d 2020-08-05
|i 6716
|l 0
|o WOLF 190.090 32 WOL
|p 025000136477
|r 2020-08-05 00:00:00
|t 1
|v 2020.00
|w 2020-08-05
|y BK15
|
| 999 |
|
|
|c 146219
|d 146219
|
| 020 |
|
|
|a 348711254X (τ. 1)
|
| 020 |
|
|
|a 3487112558 (τ. 2)
|
| 020 |
|
|
|a 3487112566 (τ. 3)
|
| 040 |
|
|
|a GR-PaULI
|c GR-PaULI
|b gre
|e AACR2
|
| 041 |
0 |
|
|a ger
|
| 082 |
0 |
4 |
|a 190.090 32
|2 23
|
| 100 |
1 |
|
|9 26769
|a Wolff, Christian,
|c Freiherr von,
|d 1679-1754.
|e συγγραφέας
|
| 245 |
1 |
0 |
|a Schriften über Joachim Langes und Johann Franz Buddes Kontroverse mit Christian Wolff /
|c zusammengestellt von Jean Ecole.
|
| 260 |
|
|
|a Hildesheim ;
|a New York :
|b G. Olms,
|c 2000-2001.
|
| 300 |
|
|
|a 3 τ. ;
|c 21 εκ.
|
| 490 |
0 |
|
|a Gesammelte Werke, Materialien und Dokumente / Christian Wolff ;
|v 3. Abt., Bd. 64.1, 64.2, 64.3.
|
| 500 |
|
|
|a τ. 1. 464 σ. - 2000 -- 456 σ,. - 2000 -- τ. 3. 494 σ. - 2001.
|
| 600 |
1 |
4 |
|9 171301
|a Wolff, Christian,
|c Freiherr von,
|d 1679-1754.
|x Ερμηνεία και κριτική.
|
| 600 |
|
0 |
|9 168906
|a Lange, Joachim,
|d 1670-1744.
|
| 600 |
|
0 |
|9 182162
|a Buddeus, Joannes Franciscus,
|d 1667-1729.
|
| 650 |
|
4 |
|9 605
|a Φιλοσοφία, Γερμανική
|y 17ος αιώνας
|
| 650 |
|
4 |
|9 182163
|a Μεταφυσική
|y 18ος αιώνας.
|x Ιστορία
|
| 700 |
1 |
|
|9 168534
|a Ecole, Jean.
|e επιμελητής
|
| 942 |
|
|
|2 ddc
|c BK15
|
| 998 |
|
|
|c ΚΑΝΕΛΛΟΠΟΥΛΟΥ
|d 2020-08
|